000 00349 a2200157 4500
001 56612
020 _a8506016312
040 _cAnchieta - Pituba
100 _aBarbosa, Rogério Andrade
240 1 0 _aNa terra dos gorilas
_lpor
245 1 0 _aNa terra dos gorilas
300 _a96
362 0 _a2002
650 4 _aLiteratura juvenil
942 _cBK
999 _c56612
_d56612